000
00314 a2200133 4500
000
nam a22 7a 4500
100
_a
Nirmal Jindal
110
_a
Nirmal Jindal
245
_a
Understanding Globalisation
250
_a
latest edition
260
_b
Routledge
_c
2024
264
_b
Routledge
_c
2024
942
_c
BK
999
_c
395318
_d
395318